[Event "FRA-ch Youth U16 2018"]
[Site "Agen"]
[Date "2018.04.22"]
[Round "9"]
[White "Degraeve, Remy"]
[Black "Gatineau, Yovann"]
[Result "0-1"]
[WhiteElo "2294"]
[BlackElo "2365"]
[Annotator "TA"]
[PlyCount "112"]
[EventDate "2018.??.??"]
[EventType "swiss"]
[EventCountry "FRA"]
[SourceTitle "playchess.com"]
[Source "ChessBase"]
[SourceQuality "1"]

{[%evp 24,112,33,36,64,33,77,62,95,87,80,31,22,18,36,0,15,9,9,-114,-88,-77,18,27,12,0,21,22,18,16,69,69,75,68,67,-3,-3,-9,-10,-10,-8,-14,6,8,8,8,10,8,8,8,113,0,0,-65,-73,-79,-62,-61,-55,-97,-38,-37,-41,-57,-54,-83,0,0,0,-105,-122,-147,-119,-206,-175,-625,-601,-1595,-1272,-12831,-12832,-12830,-9621,-5297,-792,-12843,-12843,-12845,-12846,-12846,-12847]} 1. d4 d5 2. c4 c6 3. Nf3 Nf6 4. e3 Bf5 5. Nc3 e6 6. Nh4 Be4 7. f3 Bg6 8. Qb3 Qc7 9. Bd2 {D12: Slav Defence: 3 Nf3 Nf6 4 e3 Bf5} Nbd7 (9... Be7 10. g3 Nbd7 11. cxd5 exd5 12. O-O-O a5 13. Nxg6 hxg6 14. Qc2 a4 15. e4 a3 16. e5 axb2+ {0-1 (59) Le,Q (2737)-Mamedov,R (2709) Huaian 2017}) 10. cxd5 exd5 11. e4 dxe4 12. Nxg6 hxg6 13. fxe4 {LiveBook: 4 Games} Qb6 {[#]} 14. Qc4 $146 ({Predecessor:} 14. e5 Qxb3 15. axb3 Ng4 16. Be2 Nh6 {½-½ (46) Lesiege,A (2517)-Berube,A (2121) Quebec 2017}) 14... Qb4 15. e5 Qxc4 16. Bxc4 {Hoping for 0-0.} Nb6 17. Bd3 (17. Bb3 {feels hotter.} Nfd5 18. O-O Be7 19. Rae1 O-O 20. Rf3) 17... Nfd5 18. O-O Nc7 19. Rae1 Ne6 20. Ne4 Rd8 21. Ng5 (21. Bc3 $11 {remains equal.}) 21... Nxg5 22. Bxg5 Be7 (22... Rxd4 $17 23. Bc2 Nd5) 23. Be3 $11 Nd5 24. Bd2 Rh4 25. Be4 Nb4 26. g3 {[%cal Bg2g3,Bg3g4][%mdl 32]} Rh5 (26... Rxd4 $11 27. gxh4 Rxd2) 27. a3 $14 Nd5 28. Re2 Nb6 29. e6 (29. Be3 $14) 29... f5 $11 30. g4 $132 {[%mdl 2048] White is not keeping still} Rh4 31. gxf5 {Black must now prevent f6.} Rxd4 32. Bc2 Nc4 33. Bc3 Rdg4+ 34. Kh1 gxf5 35. Bxf5 Rg5 $1 36. Bd3 Bc5 (36... Nd6 $11) 37. Bxc4 ({White has to play} 37. e7 $1 $16 {Rf8+ would kill now.} Ne3 38. Rf8+ Kxe7 39. Rf3) 37... Rxc4 38. e7 ({White should play} 38. Rg2 $11 Rcg4 39. Rxg4 Rxg4 40. h3) 38... Rf4 $1 $15 {[%cal Rf4f1]} 39. Rd1 {White wants to mate with Rd8+.} Rd5 40. Rxd5 cxd5 {[%mdl 4096] Endgame KRB-KRB} 41. b4 {[#]} Bxe7 (41... d4 $1 $17 {[%cal Rd4c3]} 42. Bd2 d3) 42. Bxg7 Kf7 43. Be5 Rf3 44. Bb2 Bf6 ({Black should try} 44... b6 $17) 45. Kg2 $11 Rb3 46. Bc1 {[#]} (46. Bxf6 $11 {keeps the balance.} Kxf6 47. Rf2+ Ke5 48. Rf3 Rb2+ 49. Rf2) 46... d4 $1 $17 {[%cal Bd5d4,Bd4d3][%mdl 32]} 47. Ra2 Ke6 48. Kf2 (48. Re2+ $17 Kd5 49. Rf2) 48... Be5 49. Ke1 $2 (49. Kg2) 49... Rb1 $19 {Black is clearly winning.} 50. Kd1 {And now Kc2 would win.} Bf4 51. Rc2 d3 52. Rd2 Bxd2 53. Kxd2 Kf5 (53... Kd5 $142 54. h4 Ke4) 54. h3 Ke4 55. h4 Kf3 56. h5 {[#]} Rxc1 $1 {[%mdl 512] Precision: White = 40%, Black = 45%.} 0-1

[Event "FRA-ch Youth U16 2018"]
[Site "Agen"]
[Date "2018.04.22"]
[Round "9"]
[White "Arnaud, Aurelien"]
[Black "Vlachos, Anatole"]
[Result "1-0"]
[WhiteElo "2033"]
[BlackElo "2346"]
[Annotator "TA"]
[PlyCount "65"]
[EventDate "2018.??.??"]
[EventType "swiss"]
[EventCountry "FRA"]
[SourceTitle "playchess.com"]
[Source "ChessBase"]
[SourceQuality "1"]

{[%evp 18,65,10,10,37,22,29,25,60,37,39,9,12,-8,0,0,39,18,21,0,0,0,0,-93,166,145,318,0,4,-110,-104,-79,-104,-93,-106,-73,0,0,0,25,1539,1526,1687,1630,1741,1495,1885,1805,2364,2353]} 1. d4 g6 2. c4 Bg7 3. g3 d6 4. Bg2 Nd7 5. Nf3 e5 6. Nc3 Ngf6 7. d5 O-O 8. e4 Nc5 9. Qc2 a5 10. O-O {LiveBook: 9 Games} Nh5 {E67: King's Indian: Fianchetto: 6...Nbd7} 11. Bg5 f6 12. Be3 f5 {White has an edge.} 13. Bxc5 (13. exf5 Bxf5 14. Qd2 b6 15. Ng5 Nf6 16. Bxc5 bxc5 17. Bh3 Bxh3 18. Nxh3 Qd7 19. Kg2 Qg4 20. f4 Nh5 21. Rae1 exf4 22. Nxf4 Bh6 23. Nce2 Rae8 24. Qxa5 Bxf4 25. Nxf4 Rxe1 {0-1 (24) Golubov,S (2481)-Gupta,A (2637) Abu Dhabi 2016}) 13... dxc5 14. Rad1 {[%cal Ba1d1,Bd1d2,Bd2c2][%mdl 32]} f4 15. Qd3 $146 ({Predecessor:} 15. Rd3 Bd7 16. Rfd1 g5 17. d6 c6 18. Qb3 g4 19. Ne1 fxg3 20. hxg3 {1-0 (52) Moiseev,A-Klimov,V (1924) Novosibirsk 2010}) 15... Ra6 16. Nb5 Bg4 17. Rd2 Qe7 18. Ne1 Bh6 19. Rc2 $1 Raf6 20. h3 (20. Bf3 $11 {remains equal.} fxg3 21. fxg3 (21. Bxg4 gxf2+ 22. Rcxf2 Rxf2 $17)) 20... fxg3 $2 {[%mdl 8192] [#]} (20... Bc8 $17 {keeps the pressure on.}) 21. hxg4 $18 Qf7 $2 (21... Rxf2 $16 {keeps fighting.} 22. Rfxf2 (22. gxh5 $2 Qh4 $19) 22... gxf2+ 23. Rxf2 Rxf2 24. Kxf2 Qh4+ 25. Kf1 Ng3+ 26. Kg1 Nh5) 22. f3 $2 (22. gxh5 gxf2+ 23. Kh1 fxe1=N $18) (22. fxg3 $18 Rxf1+ 23. Bxf1 Nxg3 24. Bh3 (24. Qxg3 $2 Qxf1+ 25. Kh2 Bf4 $19)) 22... Nf4 $11 23. Qc3 (23. Qd1 $11) 23... Qe7 {...R6f7 is the strong threat.} 24. Nd3 {[#] And now g5 would win.} (24. Qxa5 $2 Ra6 $19) 24... Nxd5 $1 25. cxd5 (25. exd5 $2 Be3+ 26. Rff2 (26. Kh1 $2 Rxf3 27. Nf2 Bxf2 $19) 26... e4 $19) 25... Be3+ 26. Rff2 (26. Kh1 $2 Rxf3 27. Nf2 Rxf2 $19) 26... Rxf3 (26... gxf2+ $17 27. Rxf2 (27. Nxf2 Rxf3 28. Bxf3 Rxf3 $15) 27... c6 28. dxc6 Rxc6 29. Qc4+ (29. Nxe5 Bxf2+ 30. Kxf2 Re6 $17) 29... Kg7) 27. Bxf3 Rxf3 28. Kg2 $1 {[%cal Bg1g2,Bg2f3,Bf3e2][%mdl 32]} ({Don't go for} 28. Qxe5 $2 gxf2+ 29. Rxf2 (29. Kf1 Qh4 $19) 29... Qxe5 $19) 28... Qh4 $2 {[%mdl 8192]} (28... gxf2 $11 29. Rxf2 (29. Nxf2 $2 Qf6 $19) 29... Rxf2+ 30. Nxf2 Qg5) 29. Kxf3 $18 {White is clearly winning.} gxf2 30. Nxf2 Bf4 31. Ke2 b6 32. Nxc7 Bg3 33. Qf3 {Precision: White = 31%, Black = 45%.} 1-0

[Event "FRA-ch Youth U16 2018"]
[Site "Agen"]
[Date "2018.04.22"]
[Round "9"]
[White "Bellahcene, Meriem"]
[Black "Conti, Anne-Marie"]
[Result "1/2-1/2"]
[WhiteElo "1862"]
[BlackElo "1865"]
[Annotator "NA RC"]
[PlyCount "113"]
[EventDate "2018.??.??"]
[EventType "swiss"]
[EventCountry "FRA"]
[SourceTitle "playchess.com"]
[Source "ChessBase"]
[SourceQuality "1"]
[TimeControl "5400+30"]

1. e4 {[%emt 0:00:00]} d5 {[%emt 0:00:10]} 2. exd5 {[%emt 0:00:31]} Qxd5 {[%emt 0:00:08]} 3. Nc3 {[%emt 0:00:29]} Qd6 {[%emt 0:00:29]} 4. Nf3 {[%emt 0:02:51]} Nf6 {[%emt 0:00:25]} 5. h3 {[%emt 0:02:43] B01: Scandinavian Defence} g6 {[%emt 0:00:30]} 6. Bc4 {[%emt 0:00:47]} Bg7 {[%emt 0:00:24]} 7. d3 {[%emt 0:00:53]} O-O {[%emt 0:00:43]} 8. O-O {[%emt 0:00:54]} a6 {[%emt 0:02:46]} 9. a4 {[%emt 0:03:09]} Nbd7 $146 {[%emt 0:03:44]} ({Predecessor:} 9... c5 10. Re1 Nc6 11. Ne4 Nxe4 12. dxe4 Nd4 {1-0 (53) Anton Guijarro,D (2627)-Vakhidov,J (2578) Almaty 2016}) 10. Re1 {[%emt 0:03:02]} Nb6 {[%emt 0:00:51]} 11. Bb3 {[%emt 0:00:27]} c6 {[%emt 0:01:43]} 12. Bg5 {[%emt 0:07:51]} Bf5 {[%emt 0:09:31]} 13. Qd2 {[%emt 0:06:10]} Nbd5 {[%emt 0:04:56]} 14. Nxd5 {[%emt 0:05:44]} cxd5 {[%emt 0:00:08]} 15. c3 {[%emt 0:00:22]} (15. Bf4 $16 Qc5 16. d4) 15... Rfe8 {[%emt 0:04:21]} 16. Re5 {[%emt 0:10:10]} Be6 {[%emt 0:04:57]} 17. Re2 {[%emt 0:06:31]} Nd7 {[%emt 0:03:01]} 18. d4 {[%emt 0:03:04]} f6 {[%emt 0:07:19]} 19. Bh6 {[%emt 0:04:09]} (19. Bf4 $16 Qb6 20. a5 Qxb3 21. Rxe6) 19... Bh8 {[%emt 0:01:10]} 20. Rae1 {[%emt 0:01:02]} Bf7 {[%emt 0:01:10]} 21. Bf4 {[%emt 0:03:57]} e5 {[%emt 0:00:28]} (21... Qb6 $142) 22. dxe5 {[%emt 0:01:58]} fxe5 {[%emt 0:02:21] [#]} 23. Bg3 $1 {[%emt 0:01:33]} Nc5 $2 {[%emt 0:05:10]} (23... Rad8 $16 24. a5 Qc6) 24. Bc2 {[%emt 0:02:14]} Nd7 {[%emt 0:03:39]} 25. Ng5 {[%emt 0:02:22]} Rad8 {[%emt 0:03:08]} 26. Nxf7 {[%emt 0:04:13]} Kxf7 {[%emt 0:00:11]} 27. Bb3 {[%emt 0:00:54]} Nc5 {[%emt 0:00:45]} 28. Bc2 {[%emt 0:03:43]} Re6 {[%emt 0:03:14]} 29. Rd1 {[%emt 0:02:39]} Qc6 {[%emt 0:04:42]} 30. a5 $14 Bf6 {[%emt 0:08:44]} 31. Qe1 {[%emt 0:05:24]} e4 {[%emt 0:11:16]} 32. Red2 {[%emt 0:04:14]} Bg5 {[%emt 0:01:49]} 33. Rd4 {[%emt 0:01:38]} Bf6 {[%emt 0:01:06]} 34. R4d2 {[%emt 0:00:05]} Bg5 {[%emt 0:00:38]} 35. Re2 {[%emt 0:04:02]} Rde8 {[%emt 0:02:17]} 36. b4 {[%emt 0:03:06]} Nd7 {[%emt 0:01:33]} 37. Bb3 {[%emt 0:00:14]} Nf6 {[%emt 0:00:30]} 38. Rc2 {[%emt 0:00:38]} e3 {[%emt 0:00:47]} 39. f4 {[%emt 0:01:47]} Bh6 {[%emt 0:00:50]} 40. c4 {[%emt 0:00:22]} Re4 {[%emt 0:05:00]} 41. cxd5 {[%emt 0:00:25]} Qd6 {[%emt 0:00:01]} 42. f5 {[%emt 0:01:05]} Bf4 {[%emt 0:00:04]} 43. fxg6+ {[%emt 0:00:28]} hxg6 {[%emt 0:00:31]} 44. Bxf4 {[%emt 0:00:02]} Rxf4 {[%emt 0:00:04]} 45. Re2 {[%emt 0:00:39]} Rxb4 {[%emt 0:00:38]} 46. Ba2 {[%emt 0:01:32]} Rbe4 {[%emt 0:01:17]} 47. Rd3 {[%emt 0:00:05]} Kg7 {[%emt 0:00:42]} 48. Rdxe3 {[%emt 0:00:21]} Qc5 {[%emt 0:00:57]} 49. Kf2 {[%emt 0:00:04]} Nxd5 {[%emt 0:01:22]} 50. Bxd5 {[%emt 0:00:40]} Rf8+ {[%emt 0:00:52]} 51. Kg1 {[%emt 0:01:15]} Rxe3 {[%emt 0:00:33]} 52. Rxe3 {[%emt 0:00:09]} Qxd5 {[%emt 0:00:21]} 53. Re7+ {[%emt 0:01:12]} Rf7 {[%emt 0:01:01]} 54. Qe5+ {[%emt 0:01:00]} Qxe5 {[%emt 0:00:27]} 55. Rxe5 {[%emt 0:00:02]} Kf6 {[%emt 0:00:17]} 56. Rc5 {[%emt 0:01:20]} Ke6 {[%emt 0:00:35]} 57. g4 {[%emt 0:00:50]} 1/2-1/2

[Event "FRA-ch Youth U16 2018"]
[Site "Agen"]
[Date "2018.04.22"]
[Round "9"]
[White "Grall, Alba"]
[Black "Rubsamen, Anais"]
[Result "1-0"]
[WhiteElo "1855"]
[BlackElo "1658"]
[Annotator "NA RC"]
[PlyCount "141"]
[EventDate "2018.??.??"]
[EventType "swiss"]
[EventCountry "FRA"]
[SourceTitle "playchess.com"]
[Source "ChessBase"]
[SourceQuality "1"]
[TimeControl "5400+30"]

1. e4 {[%emt 0:00:00]} c5 {[%emt 0:00:06]} 2. Nf3 {[%emt 0:00:07]} Nc6 {[%emt 0:00:05]} 3. d4 {[%emt 0:00:17]} cxd4 {[%emt 0:00:05]} 4. Nxd4 {[%emt 0:00:04]} e5 {[%emt 0:00:04]} 5. Nb5 {[%emt 0:00:47]} d6 {[%emt 0:00:05]} 6. N1c3 {[%emt 0:00:53]} a6 {[%emt 0:00:12]} 7. Na3 {[%emt 0:00:12]} Be7 {[%emt 0:00:11]} 8. Be3 {[%emt 0:01:29] B32: Sicilian: Löwenthal and Kalashnikov Variations} Nf6 {[%emt 0:00:36]} 9. Nd5 {[%emt 0:01:14]} (9. Nc4 b5 10. Nb6 Rb8 11. Nxc8 Qxc8 12. Be2 O-O 13. O-O Rd8 14. a4 d5 15. Nxd5 Nxd5 16. exd5 Nb4 17. axb5 Nxd5 18. Qc1 axb5 19. Rd1 Nxe3 20. Qxe3 Qxc2 21. Qxe5 Bf6 22. Rxd8+ {½-½ (22) Kravtsiv,M (2653)-Fedorov,A (2598) Khanty-Mansiysk 2017}) 9... Nxd5 {[%emt 0:02:06]} 10. exd5 {[%emt 0:03:15]} Nd4 {[%emt 0:00:06]} 11. c4 {[%emt 0:12:09]} O-O {[%emt 0:02:24]} 12. Bxd4 {[%emt 0:01:39]} exd4 {[%emt 0:00:06]} 13. Bd3 {[%emt 0:00:59]} Qa5+ $146 {[%emt 0:12:17]} ({Predecessor:} 13... Bf6 14. O-O Bd7 15. Re1 Qa5 {0-1 (37) Vroombout,E (2190)-Clemens,A (2162) Hoogeveen 2016}) 14. Qd2 {[%emt 0:14:59]} Qxd2+ {[%emt 0:01:09]} 15. Kxd2 {[%emt 0:00:04]} Bg5+ {[%emt 0:00:12]} 16. Kd1 {[%emt 0:06:27]} Bg4+ {[%emt 0:07:48]} 17. f3 {[%emt 0:06:36]} Bd7 {[%emt 0:02:01]} 18. Re1 {[%emt 0:01:20]} Rfe8 {[%emt 0:00:31]} 19. Re2 {[%emt 0:06:20]} Re3 {[%emt 0:04:48]} 20. Rxe3 {[%emt 0:00:17]} dxe3 {[%emt 0:00:57]} 21. Ke2 {[%emt 0:01:31]} f5 {[%emt 0:01:07]} 22. Nc2 {[%emt 0:04:47]} Re8 {[%emt 0:01:09]} 23. Rb1 {[%emt 0:04:05]} Bf6 {[%emt 0:03:42]} 24. f4 {[%emt 0:01:52]} g5 {[%emt 0:02:13]} 25. fxg5 {[%emt 0:02:38]} Bxg5 {[%emt 0:00:08]} 26. Rf1 {[%emt 0:00:51]} ({Better is} 26. Nd4 $16) 26... f4 {[%emt 0:00:31]} 27. h3 {[%emt 0:00:52]} Rf8 {[%emt 0:01:16]} 28. b3 {[%emt 0:01:55]} Bh4 {[%emt 0:04:00]} 29. Nd4 {[%emt 0:01:39]} Bg3 {[%emt 0:00:41]} 30. Nf3 {[%emt 0:03:19]} h6 $11 {[%emt 0:00:46]} 31. Rc1 {[%emt 0:02:20]} Rc8 {[%emt 0:01:42]} 32. Nd4 {[%emt 0:01:07]} Rf8 {[%emt 0:03:06]} 33. b4 {[%emt 0:00:45]} Kg7 {[%emt 0:01:08]} 34. c5 {[%emt 0:01:45]} dxc5 {[%emt 0:00:21]} 35. bxc5 {[%emt 0:00:10]} Kf6 {[%emt 0:00:11]} 36. Nf3 {[%emt 0:05:29]} Rc8 {[%emt 0:07:24]} 37. Rc2 {[%emt 0:04:10]} Ba4 {[%emt 0:03:01]} 38. Rc1 {[%emt 0:01:37]} Bd7 {[%emt 0:00:06]} 39. a3 {[%emt 0:01:41]} Be8 {[%emt 0:01:39]} 40. Rc3 {[%emt 0:01:51]} Bd7 {[%emt 0:03:39]} 41. c6 {[%emt 0:00:42]} bxc6 {[%emt 0:00:27]} 42. Bxa6 {[%emt 0:00:06]} Rc7 {[%emt 0:01:19]} 43. Bb5 {[%emt 0:02:08]} Rb7 {[%emt 0:05:49]} 44. dxc6 {[%emt 0:01:30]} Rxb5 {[%emt 0:00:37]} 45. cxd7 {[%emt 0:00:06]} Rd5 {[%emt 0:01:28]} 46. Rd3 {[%emt 0:00:58]} Rxd3 {[%emt 0:01:10]} 47. Kxd3 {[%emt 0:00:04]} Ke7 {[%emt 0:00:11]} 48. Ne5 {[%emt 0:00:17]} Be1 {[%emt 0:03:04]} 49. a4 {[%emt 0:00:27]} Kd8 {[%emt 0:02:17]} 50. a5 {[%emt 0:00:21]} Bxa5 {[%emt 0:00:17]} 51. Nc6+ {[%emt 0:00:06]} Kxd7 {[%emt 0:00:06]} 52. Nxa5 {[%emt 0:00:09]} Ke6 {[%emt 0:00:03]} 53. Nb3 {[%emt 0:00:59]} Kd5 {[%emt 0:01:34]} 54. Nd4 {[%emt 0:00:25]} Ke5 {[%emt 0:00:12]} 55. Nf3+ {[%emt 0:00:35]} Kf5 {[%emt 0:00:12]} 56. Ke2 {[%emt 0:00:23]} Ke4 {[%emt 0:01:53]} 57. Ng1 {[%emt 0:00:47]} Ke5 {[%emt 0:03:02]} 58. Kf3 {[%emt 0:00:08]} Kf5 {[%emt 0:00:05]} 59. Ne2 {[%emt 0:00:07]} Kg5 {[%emt 0:00:07]} 60. Nxf4 {[%emt 0:00:18]} Kh4 {[%emt 0:00:13]} 61. Ne2 {[%emt 0:00:53]} Kh5 {[%emt 0:00:25]} 62. Kxe3 {[%emt 0:00:09]} Kg5 {[%emt 0:00:09]} 63. Ke4 {[%emt 0:00:16]} Kh4 {[%emt 0:00:51]} 64. Kf3 {[%emt 0:02:57]} Kh5 {[%emt 0:00:15]} 65. g3 {[%emt 0:00:58]} Kg5 {[%emt 0:00:07]} 66. Nd4 {[%emt 0:00:15]} Kh5 {[%emt 0:00:36]} 67. Kf4 {[%emt 0:00:29]} Kg6 {[%emt 0:00:09]} 68. Kg4 {[%emt 0:00:22]} h5+ {[%emt 0:01:19]} 69. Kf4 {[%emt 0:00:13]} h4 {[%emt 0:00:09]} 70. g4 {[%emt 0:00:06]} Kf6 {[%emt 0:00:16]} 71. g5+ {[%emt 0:00:32]} 1-0

[Event "FRA-ch Youth U16 2018"]
[Site "Agen"]
[Date "2018.04.22"]
[Round "9"]
[White "Sabiani, Chjara"]
[Black "Djidjeli, Sarah"]
[Result "1/2-1/2"]
[WhiteElo "1723"]
[BlackElo "1903"]
[Annotator "NA RC"]
[PlyCount "59"]
[EventDate "2018.??.??"]
[EventType "swiss"]
[EventCountry "FRA"]
[SourceTitle "playchess.com"]
[Source "ChessBase"]
[SourceQuality "1"]
[TimeControl "5400+30"]

{[%evp 15,58,8,13,0,2,8,20,18,2,1,90,77,32767,91,133,32767,32767,-21,-60,32767,-60,32767,32767,-82,-56,-50,-37,32767,-33,-25,-32,-25,32767,32767,32767,32767,32767,32767,32767,32,32767,32767,32767,32767,53]} 1. d4 {[%emt 0:00:00]} d5 {[%emt 0:00:06]} 2. c4 {[%emt 0:00:00]} e6 {[%emt 0:00:05]} 3. cxd5 {[%emt 0:00:25]} exd5 {[%emt 0:00:07]} 4. Nc3 {[%emt 0:00:20]} c6 {[%emt 0:00:26]} 5. Qc2 {[%emt 0:00:14]} Bd6 {[%emt 0:00:55]} 6. Nf3 {[%emt 0:00:27]} Ne7 {[%emt 0:00:52]} 7. Bg5 {[%emt 0:03:28]} f6 {[%emt 0:17:39]} 8. Bd2 {[%emt 0:06:31] LiveBook: 8 Games D31: Queen's Gambit Declined: Semi-Slav without ...Nf6 (+ Marshall Gambit and Noteboom) and Exchange Variation lines without ...Nf6} Na6 {[%emt 0:05:30]} 9. a3 {[%emt 0:01:53]} (9. e4 Nb4 10. Qb3 a5 11. a3 a4 12. Qd1 dxe4 13. Nxe4 Nbd5 14. Bc4 Be6 15. O-O O-O {½-½ (34) Ivanchuk,V (2728)-Kramnik,V (2803) Tbilisi 2017}) 9... Bf5 $146 {[%emt 0:06:30]} ({Find the theoretical novelty and annotate with similar games:} 9... O-O 10. e3 Nc7 11. Bd3 h6 12. Ne2 a5 13. Ng3 Bd7 14. Nh4 b5 15. Ngf5 Nxf5 16. Nxf5 {1-0 (36) Cernea,R (2140)-Stanciu,A (2220) Eforie Nord 1999}) 10. e4 {[%emt 0:03:45]} dxe4 {[%emt 0:09:04]} 11. Nxe4 {[%emt 0:01:14]} Bxe4 {[%emt 0:05:12]} 12. Qxe4 {[%emt 0:00:15]} Qb6 {[%emt 0:00:52]} (12... Nc7 $11 {keeps the balance.}) 13. b4 {[%emt 0:03:11]} O-O-O {[%emt 0:05:05]} 14. Bc4 {[%emt 0:13:44]} Kb8 {[%emt 0:06:29]} 15. O-O {[%emt 0:01:21]} g5 {[%emt 0:01:45]} 16. Bxa6 {[%emt 0:08:55]} (16. Rfb1 $16) 16... Qxa6 {[%emt 0:00:53]} 17. a4 {[%emt 0:00:21]} Qc4 {[%emt 0:06:40]} 18. Rfc1 {[%emt 0:02:08]} Qd5 {[%emt 0:00:39]} 19. Qxd5 {[%emt 0:07:15]} Nxd5 {[%emt 0:00:14]} 20. Rab1 {[%emt 0:00:05]} Bf4 {[%emt 0:01:32]} 21. g3 {[%emt 0:01:31]} Bc7 {[%emt 0:03:28]} 22. b5 {[%emt 0:03:02]} cxb5 {[%emt 0:00:15]} 23. Rxb5 {[%emt 0:00:32]} g4 {[%emt 0:01:39]} 24. Nh4 {[%emt 0:00:53]} Ne7 {[%emt 0:02:56]} 25. Rcb1 {[%emt 0:02:03]} b6 {[%emt 0:01:04]} 26. a5 {[%emt 0:03:09]} Kb7 {[%emt 0:01:41]} 27. axb6 {[%emt 0:02:27]} Bxb6 {[%emt 0:01:14]} 28. Bb4 {[%emt 0:02:36]} Nd5 {[%emt 0:01:56]} 29. Bc5 {[%emt 0:01:28]} Rd7 $14 {[%emt 0:00:36]} 30. R5b3 {[%emt 0:02:40]} 1/2-1/2

[Event "FRA-ch Youth U16 2018"]
[Site "Agen"]
[Date "2018.04.22"]
[Round "9"]
[White "Lagarde, Adeline"]
[Black "Francois, Gwladys"]
[Result "1/2-1/2"]
[WhiteElo "1621"]
[BlackElo "1765"]
[Annotator "NA RC"]
[PlyCount "92"]
[EventDate "2018.??.??"]
[EventType "swiss"]
[EventCountry "FRA"]
[SourceTitle "playchess.com"]
[Source "ChessBase"]
[SourceQuality "1"]
[TimeControl "5400+30"]

1. e4 {[%emt 0:00:00]} c5 {[%emt 0:00:27]} 2. Nc3 {[%emt 0:00:00]} Nc6 {[%emt 0:01:01]} 3. d3 {[%emt 0:00:32]} d6 {[%emt 0:02:26]} 4. Be3 {[%emt 0:01:02]} Rb8 {[%emt 0:05:04]} 5. Nf3 {[%emt 0:07:01]} Nf6 {[%emt 0:06:57]} 6. d4 {[%emt 0:03:01]} cxd4 {[%emt 0:02:30]} 7. Nxd4 {[%emt 0:00:20]} a6 {[%emt 0:03:05]} 8. a4 {[%emt 0:06:04]} g6 {[%emt 0:01:33]} 9. g3 {[%emt 0:02:22]} Bg7 {[%emt 0:01:04]} 10. Bg2 {[%emt 0:00:20]} Ng4 {[%emt 0:03:19]} 11. O-O {[%emt 0:06:47]} Nxe3 {[%emt 0:00:46]} 12. fxe3 {[%emt 0:00:11]} O-O {[%emt 0:00:16]} 13. Rb1 {[%emt 0:01:45]} Qb6 {[%emt 0:06:43]} 14. Nd5 {[%emt 0:02:27]} Qd8 {[%emt 0:01:36]} 15. Qd2 {[%emt 0:06:57]} Bd7 {[%emt 0:07:43]} 16. Rf3 {[%emt 0:13:25]} Ne5 {[%emt 0:00:45]} 17. Rf2 {[%emt 0:08:12]} Bxa4 {[%emt 0:02:01]} 18. b3 {[%emt 0:01:48]} Bd7 {[%emt 0:01:17]} 19. Rbf1 {[%emt 0:03:24]} Ng4 {[%emt 0:06:44]} 20. Rf3 {[%emt 0:04:03]} e6 {[%emt 0:03:14]} 21. Nc3 {[%emt 0:01:59]} Qb6 {[%emt 0:00:36]} 22. Rd1 {[%emt 0:03:21]} Bh6 {[%emt 0:05:52]} 23. Re1 {[%emt 0:08:26]} e5 {[%emt 0:00:12]} 24. Nd5 {[%emt 0:01:36]} Qd8 {[%emt 0:03:10]} 25. Ne2 {[%emt 0:00:59]} Bg7 {[%emt 0:01:05]} 26. Ref1 {[%emt 0:03:12]} Nh6 {[%emt 0:04:56]} 27. Nf6+ {[%emt 0:02:49]} Kh8 {[%emt 0:00:20]} 28. Qxd6 {[%emt 0:01:14]} Bb5 {[%emt 0:00:31]} 29. Qxd8 {[%emt 0:00:51]} Rbxd8 {[%emt 0:00:39]} 30. c4 {[%emt 0:00:45]} Bc6 {[%emt 0:00:19]} 31. Nd5 {[%emt 0:00:19]} f5 {[%emt 0:01:56]} 32. Nec3 {[%emt 0:00:55]} fxe4 {[%emt 0:01:02]} 33. Rxf8+ {[%emt 0:00:20]} Rxf8 {[%emt 0:00:05]} 34. Rxf8+ {[%emt 0:00:45]} Bxf8 {[%emt 0:00:05]} 35. Bxe4 {[%emt 0:00:36]} Kg7 {[%emt 0:02:02]} 36. h3 {[%emt 0:00:43]} Nf7 {[%emt 0:00:48]} 37. Bg2 {[%emt 0:00:31]} Nd6 {[%emt 0:00:39]} 38. g4 {[%emt 0:00:35]} Kf7 {[%emt 0:01:37]} 39. Kf2 {[%emt 0:00:30]} a5 {[%emt 0:02:58]} 40. Bf3 {[%emt 0:01:46]} b5 {[%emt 0:03:31]} 41. cxb5 {[%emt 0:02:12]} Nxb5 {[%emt 0:00:09]} 42. Nxb5 {[%emt 0:00:27]} Bxb5 {[%emt 0:00:04]} 43. Be2 {[%emt 0:00:08]} Bd7 {[%emt 0:01:18]} 44. Bc4 {[%emt 0:00:28]} Kg7 {[%emt 0:00:49]} 45. Kg3 {[%emt 0:00:35]} Bd6 {[%emt 0:00:54]} 46. Kf3 {[%emt 0:01:00]} Bc6 1/2-1/2